5 Letter T Words (Photos) - Statistics

General Stats
  • This quiz has been taken 102 times
  • The average score is 15 of 20
Answer Stats
Picture Answer % Correct
Teddy
100%
Teeth
100%
Tower
99%
Trash
96%
Table
93%
Touch
89%
Tires
83%
Trunk
83%
Thorn
81%
Torch
79%
Tango
75%
Truck
70%
Trail
68%
Trout
67%
Throw
64%
Texas
52%
Tabby
49%
Tucan
49%
Thong
44%
Title
15%
No matching quizzes found
Score Distribution
Percent of People with Each Score
Percentile by Number Answered
Your Score History
You have not taken this quiz